| 000 | 004320000a22001570004500 | ||
|---|---|---|---|
| 003 | MACL | ||
| 005 | 20180111132238.0 | ||
| 008 | 180111b xxu||||| |||| 00| 0 eng d | ||
| 040 | _cMACL | ||
| 100 |
_aवेबस्यर डेविस _970023 |
||
| 245 | _aजलचरी का मायाजाल | ||
| 260 |
_bUBS _c2003 |
||
| 350 | _a30 | ||
| 650 |
_aचिल्ड्रन _970024 |
||
| 942 |
_cHIN _k741.642 _2ddc |
||
| 999 |
_c12545 _d12545 |
||